Diccionario de Construcción y Régimen de la Lengua Castellana. Tomo V: H-J
Guardat en:
| Autor principal: | |
|---|---|
| Format: | Llibre |
| Idioma: | Undetermined |
| Publicat: |
Bogotá, Colombia
Instituto Caro y Cuervo
1993
|
| Matèries: | |
| Etiquetes: |
Afegir etiqueta
Sense etiquetes, Sigues el primer a etiquetar aquest registre!
|
MARC
| LEADER | 00000nam a2200000Ia 4500 | ||
|---|---|---|---|
| 008 | 170316s9999 xx 000 0 und d | ||
| 040 | |a cru BVZT | ||
| 090 | |a REF | ||
| 100 | |a Cuervo, R. J. | ||
| 245 | |a Diccionario de Construcción y Régimen de la Lengua Castellana. Tomo V: H-J | ||
| 260 | |a Bogotá, Colombia | ||
| 260 | |b Instituto Caro y Cuervo | ||
| 260 | |c 1993 | ||
| 300 | |a 849 páginas. Tomo V: H-J | ||
| 650 | |a REFERENCIA | ||
| 650 | |a DICCIONARIO | ||
| 650 | |a LENGUA CASTELLANA | ||
| 942 | |c REF | ||
| 999 | |c 14911 |d 14911 | ||
